000 00760cab a2200229 4500
001 X2432
008 090401t1995 xxu||||| |||| 00| 0 eng d
035 _a(Sirsi) u24198
041 _aeng
245 _aUCB Bank v France
260 _c1995
350 _a0
490 _aNew Property Cases
_v(1995) NPC 144
520 _aCA 26 July 1995. An unpaid vendor with a lien is held not to be able to avail herself of an overriding interest even though in actural occupation, because of her answers to pre-contractual enquiries. Not to be photocopied.
650 _aMORTGAGES
650 _aOVERRIDING INTEREST
650 _aRESTAURANTS
650 _aVACANT POSSESSION
690 _aPROPERTY LAW AND PRACTICE-CASE LAW
942 _n0
948 _c04/03/1997
999 _c16214
_d16214